[Event "FRA-ch op-D"]
[Site "Nancy"]
[Date "2013.08.19"]
[Round "7"]
[White "De Talance, Stephane"]
[Black "Bellahcene, Anissa"]
[Result "0-1"]
[WhiteElo "1402"]
[BlackElo "1470"]
[PlyCount "68"]
[EventDate "2013.08.11"]
[EventType "swiss"]
[EventRounds "11"]
[EventCountry "FRA"]
[SourceTitle "CBM 156 Extra"]
[Source "ChessBase"]
[SourceDate "2013.10.22"]
[SourceVersion "1"]
[SourceVersionDate "2013.10.22"]
[SourceQuality "1"]

1. d4 d5 2. Nf3 Nf6 3. c4 e6 4. Nc3 c6 5. e3 Nbd7 6. Bd3 dxc4 7. Bxc4 b5 8. Bd3 a6 9. a3 c5 10. 0-0 Bb7 11. Re1 Be7 12. b4 cxb4 13. axb4 Bxb4 14. Bd2 Rc8 15. Na2 Bxd2 16. Nxd2 0-0 17. Nb4 a5 18. Nc2 b4 19. Nc4 b3 20. N2a3 a4 21. Nb2 Nb6 22. Qd2 Nfd5 23. Rec1 Qg5 24. Bf1 Qe7 25. Bb5 Rxc1+ 26. Qxc1 Rc8 27. Qd2 Nc3 28. Bd3 Qg5 29. Bf1 Ncd5 30. h3 Qe7 31. Bd3 Nb4 32. Bf1 Nc2 33. Nac4 Nxc4 34. Nxc4 Nxa1 0-1

[Event "FRA-ch op-D"]
[Site "Nancy"]
[Date "2013.08.18"]
[Round "6"]
[White "Saint Sulpice, Xavier"]
[Black "De Talance, Stephane"]
[Result "0-1"]
[WhiteElo "1460"]
[BlackElo "1402"]
[PlyCount "70"]
[EventDate "2013.08.11"]
[EventType "swiss"]
[EventRounds "11"]
[EventCountry "FRA"]
[SourceTitle "CBM 156 Extra"]
[Source "ChessBase"]
[SourceDate "2013.10.22"]
[SourceVersion "1"]
[SourceVersionDate "2013.10.22"]
[SourceQuality "1"]

1. d4 Nf6 2. c4 e6 3. Nc3 d5 4. Bg5 Nbd7 5. e3 c6 6. Nf3 Qa5 7. a3 dxc4 8. Bxf6 Nxf6 9. Ne5 Ne4 10. Qc1 Nxc3 11. Qxc3 Qd5 12. Qxc4 Bd6 13. Nf3 0-0 14. Be2 Re8 15. 0-0 b6 16. Rfd1 Bb7 17. Qxd5 cxd5 18. Rac1 Rac8 19. Nd2 Re7 20. Rxc8+ Bxc8 21. Rc1 Rc7 22. Rxc7 Bxc7 23. b4 a6 24. Nb3 Bd6 25. f4 f6 26. g3 e5 27. Kf2 Kf7 28. Bd3 e4 29. Be2 g5 30. fxg5 fxg5 31. g4 Bxh2 32. b5 axb5 33. Bxb5 Bxg4 34. Kg2 Bd6 35. a4 h5 0-1